<?xml version="1.0" encoding="UTF-8"?>
<collection xmlns="http://www.loc.gov/MARC21/slim">
<record>
  <controlfield tag="001">125903</controlfield>
  <controlfield tag="005">20240319081003.0</controlfield>
  <datafield tag="024" ind1="7" ind2=" ">
    <subfield code="2">doi</subfield>
    <subfield code="a">10.22550/REP80-2-2022-04</subfield>
  </datafield>
  <datafield tag="024" ind1="8" ind2=" ">
    <subfield code="2">sideral</subfield>
    <subfield code="a">129066</subfield>
  </datafield>
  <datafield tag="037" ind1=" " ind2=" ">
    <subfield code="a">ART-2022-129066</subfield>
  </datafield>
  <datafield tag="041" ind1=" " ind2=" ">
    <subfield code="a">spa</subfield>
  </datafield>
  <datafield tag="100" ind1=" " ind2=" ">
    <subfield code="a">Ponce Gea, Ana Isabel</subfield>
  </datafield>
  <datafield tag="245" ind1=" " ind2=" ">
    <subfield code="a">Concepciones subyacentes a la construcción del conocimiento: un modelo desde la didáctica de la historia</subfield>
  </datafield>
  <datafield tag="260" ind1=" " ind2=" ">
    <subfield code="c">2022</subfield>
  </datafield>
  <datafield tag="506" ind1="0" ind2=" ">
    <subfield code="a">Access copy available to the general public</subfield>
    <subfield code="f">Unrestricted</subfield>
  </datafield>
  <datafield tag="520" ind1="3" ind2=" ">
    <subfield code="a">En este artículo, y atendiendo a la escasez de estudios en el ámbito educativo, delimitamos como objetivo configurar un modelo de concep­ciones subyacentes a la dimensión metodológica de la construcción del conocimiento histórico. Para ello, en primer lugar, delimitamos las ope­raciones del método histórico, que constituyen las variables empíricas, considerando, en segun­do lugar, las aportaciones desde la didáctica, para definir los constructos. El modelo inicial está constituido por dos dimensiones: operaciones estructurantes, definidas como operaciones im­prescindibles para proceder acorde con el méto­do histórico, lo que implica un pensamiento me­tódico; y operaciones alternativas, que aportan divergencia y multiplicidad, acorde con una his­toria vanguardista. Para la confirmación del mo­delo, diseñamos un instrumento objetivo, de 44 ítems, realizando un estudio con 222 sujetos, de entre 13 y 18 años. La información fue analizada mediante diferentes procedimientos (correlacio­nes de Pearson, CFA, estadística descriptiva…), utilizando los programas estadísticos SPSS y MPlus. Entre otros resultados interesantes, la confirmación del modelo propuesto implica la ve­rificación de una estructura establecida según la naturaleza de las operaciones, confirmando las dimensiones propuestas. Esta configuración del modelo presenta implicaciones para el ámbito investigador, pero también consecuencias direc­tas para el trabajo en el aula.</subfield>
  </datafield>
  <datafield tag="536" ind1=" " ind2=" ">
    <subfield code="9">info:eu-repo/grantAgreement/ES/MINECO/EDU2015-65621-C3-2-R</subfield>
  </datafield>
  <datafield tag="540" ind1=" " ind2=" ">
    <subfield code="9">info:eu-repo/semantics/openAccess</subfield>
    <subfield code="a">All rights reserved</subfield>
    <subfield code="u">http://www.europeana.eu/rights/rr-f/</subfield>
  </datafield>
  <datafield tag="590" ind1=" " ind2=" ">
    <subfield code="a">1.3</subfield>
    <subfield code="b">2022</subfield>
  </datafield>
  <datafield tag="591" ind1=" " ind2=" ">
    <subfield code="a">EDUCATION &amp; EDUCATIONAL RESEARCH</subfield>
    <subfield code="b">221 / 269 = 0.822</subfield>
    <subfield code="c">2022</subfield>
    <subfield code="d">Q4</subfield>
    <subfield code="e">T3</subfield>
  </datafield>
  <datafield tag="592" ind1=" " ind2=" ">
    <subfield code="a">0.468</subfield>
    <subfield code="b">2022</subfield>
  </datafield>
  <datafield tag="593" ind1=" " ind2=" ">
    <subfield code="a">Education</subfield>
    <subfield code="c">2022</subfield>
    <subfield code="d">Q2</subfield>
  </datafield>
  <datafield tag="594" ind1=" " ind2=" ">
    <subfield code="a">2.6</subfield>
    <subfield code="b">2022</subfield>
  </datafield>
  <datafield tag="655" ind1=" " ind2="4">
    <subfield code="a">info:eu-repo/semantics/article</subfield>
    <subfield code="v">info:eu-repo/semantics/publishedVersion</subfield>
  </datafield>
  <datafield tag="700" ind1=" " ind2=" ">
    <subfield code="a">Sánchez-Pérez, Noelia</subfield>
    <subfield code="u">Universidad de Zaragoza</subfield>
    <subfield code="0">(orcid)0000-0002-6112-9639</subfield>
  </datafield>
  <datafield tag="710" ind1="2" ind2=" ">
    <subfield code="1">4009</subfield>
    <subfield code="2">735</subfield>
    <subfield code="a">Universidad de Zaragoza</subfield>
    <subfield code="b">Dpto. Psicología y Sociología</subfield>
    <subfield code="c">Área Psicolog.Evolut.Educac</subfield>
  </datafield>
  <datafield tag="773" ind1=" " ind2=" ">
    <subfield code="g">80, 282 (2022), 269-287</subfield>
    <subfield code="p">Rev. esp. pedagog.</subfield>
    <subfield code="t">REVISTA ESPANOLA DE PEDAGOGIA</subfield>
    <subfield code="x">0034-9461</subfield>
  </datafield>
  <datafield tag="856" ind1="4" ind2=" ">
    <subfield code="s">882992</subfield>
    <subfield code="u">http://zaguan.unizar.es/record/125903/files/texto_completo.pdf</subfield>
    <subfield code="y">Versión publicada</subfield>
  </datafield>
  <datafield tag="856" ind1="4" ind2=" ">
    <subfield code="s">1923800</subfield>
    <subfield code="u">http://zaguan.unizar.es/record/125903/files/texto_completo.jpg?subformat=icon</subfield>
    <subfield code="x">icon</subfield>
    <subfield code="y">Versión publicada</subfield>
  </datafield>
  <datafield tag="909" ind1="C" ind2="O">
    <subfield code="o">oai:zaguan.unizar.es:125903</subfield>
    <subfield code="p">articulos</subfield>
    <subfield code="p">driver</subfield>
  </datafield>
  <datafield tag="951" ind1=" " ind2=" ">
    <subfield code="a">2024-03-18-14:19:12</subfield>
  </datafield>
  <datafield tag="980" ind1=" " ind2=" ">
    <subfield code="a">ARTICLE</subfield>
  </datafield>
</record>
</collection>